| 000 | 00923nac a22002531u 4500 | ||
|---|---|---|---|
| 010 | _a 94071490 | ||
| 020 | _a0030975646 | ||
| 082 | 0 | 0 |
_a337 _bKRE |
| 090 |
_c6890 _d6890 |
||
| 100 | _aKreinin, Mordechai Eli | ||
| 245 | 1 | 0 |
_aInternational economics : _ba policy approach / _cMordechai E. Kreinin. |
| 250 | _a7th ed. | ||
| 260 |
_aFort Worth : _bDryden Press,c1995. _cc1995. |
||
| 300 |
_axx, 492 p. : _bill. (some col.) ; _c24 cm. |
||
| 440 | 4 | _aThe Dryden Press series in economics | |
| 500 | _aDistributer: Al-Ahram. | ||
| 504 | _aIncludes bibliographical references (p. 477-478) and index. | ||
| 511 | _aCatalogued By: Mahitab. | ||
| 650 | 0 | _aInternational economic relations. | |
| 650 | 0 | _aCommerce. | |
| 650 | 0 | _aCommercial policy. | |
| 942 |
_cBB _k337KRE |
||
| 999 |
_c6890 _d6890 |
||